Online
Catalog

Los relatos del cacique Aymón / (Record no. 15713)

MARC details
000 -CABECERA
campo de control de longitud fija 01038cam a2200301 a 4500
001 - NÚMERO DE CONTROL
campo de control 000016173
003 - IDENTIFICADOR DEL NÚMERO DE CONTROL
campo de control DO-SdBNP
005 - FECHA Y HORA DE LA ÚLTIMA TRANSACCIÓN
campo de control 20250122105004.0
008 - DATOS DE LONGITUD FIJA--INFORMACIÓN GENERAL
campo de control de longitud fija 040707s2005 pr a 0|0 0 spa d
010 ## - NÚMERO DE CONTROL DE LA BIBLIOTECA DEL CONGRESO
Número de control de LC 2007418290
020 ## - NÚMERO INTERNACIONAL ESTÁNDAR DEL LIBRO
Número Internacional Estándar del Libro 1932271538
040 ## - FUENTE DE LA CATALOGACIÓN
Centro catalogador/agencia de origen DO-SdBNP
Centro/agencia transcriptor DLC
Centro/agencia modificador BNPHU
049 ## - FONDOS LOCALES (OCLC)
Fondos de biblioteca BNGR
082 ## - NÚMERO DE LA CLASIFICACIÓN DECIMAL DEWEY
Número de clasificación PR860.44
Número de documento/Ítem E18r
100 1# - ENTRADA PRINCIPAL--NOMBRE DE PERSONA
Nombre de persona Echandía, Luis Iván,
Fechas asociadas al nombre 1967-
9 (RLIN) 36191
245 14 - MENCIÓN DE TÍTULO
Título Los relatos del cacique Aymón /
Mención de responsabilidad, etc. Luis Iván Echadía ; editora de la colección, Doris E. Lugo Ramírez; ilustraciones de José Antonio Acosta.
260 ## - PUBLICACIÓN, DISTRIBUCIÓN, ETC.
Lugar de publicación, distribución, etc. San Juan, P.R. :
Nombre del editor, distribuidor, etc. Isla Negra,
Fecha de publicación, distribución, etc. c2005.
300 ## - DESCRIPCIÓN FÍSICA
Extensión 81 p. :
Otras características físicas il. ;
Dimensiones 19 cm.
490 0# - MENCIÓN DE SERIE
Mención de serie Cuadernos de Marcela
650 #4 - PUNTO DE ACCESO ADICIONAL DE MATERIA--TÉRMINO DE MATERIA
Término de materia o nombre geográfico como elemento de entrada Literatura puertorriqueña
9 (RLIN) 250
650 #4 - PUNTO DE ACCESO ADICIONAL DE MATERIA--TÉRMINO DE MATERIA
Término de materia o nombre geográfico como elemento de entrada Literatura folclórica
9 (RLIN) 1529
650 #4 - PUNTO DE ACCESO ADICIONAL DE MATERIA--TÉRMINO DE MATERIA
Término de materia o nombre geográfico como elemento de entrada Leyendas
9 (RLIN) 19936
700 1# - PUNTO DE ACCESO ADICIONAL--NOMBRE DE PERSONA
Nombre de persona Acosta, José Antonio
Término indicativo de función/relación il.
9 (RLIN) 36192
700 1# - PUNTO DE ACCESO ADICIONAL--NOMBRE DE PERSONA
Nombre de persona Lugo Ramírez, Doris E.
Fechas asociadas al nombre 1965-
Código de función/relación 1965-
9 (RLIN) 86902
700 1# - PUNTO DE ACCESO ADICIONAL--NOMBRE DE PERSONA
Nombre de persona Lugo Ramírez, Doris E.
Fechas asociadas al nombre 1965-
Término indicativo de función/relación ed.
9 (RLIN) 86902
910 ## - DATOS DE OPCIÓN DEL USUARIO (OCLC)
Datos de opción del usuario Catalogación por copia / LC
942 ## - ELEMENTOS DE PUNTO DE ACCESO ADICIONAL (KOHA)
Fuente del sistema de clasificación o colocación Dewey Decimal Classification
Tipo de ítem Koha Libro
Holdings
Estado de retiro Estado de pérdida Restricciones de uso No para préstamo Código de colección Localización permanente Ubicación/localización actual Ubicación en estantería Fecha de adquisición Número de inventario Total de préstamos Signatura topográfica completa Código de barras Fecha visto por última vez Precio válido a partir de Tipo de ítem Koha Número de copia
    Préstamo interno   Monografías: Libros y Folletos General General En catalogación 26.02.2010 LF1   PR860.44 E18r 16173-10 25.06.2020 25.06.2020 Préstamo interno  
    Préstamo interno Préstamo restrigido Monografías: Libros y Folletos General General En catalogación 26.02.2010 LF1   PR860.44 E18r 16173-20 25.06.2020 25.06.2020 Préstamo interno e.2
    Préstamo interno   Monografías: Libros y Folletos General General En catalogación 26.02.2010 LF1   PR860.44 E18r 16173-30 25.06.2020 25.06.2020 Préstamo interno e.3

Powered by Koha